<?xml version="1.0" encoding="UTF-8"?><?xml-stylesheet type="text/xsl" href="static/style.xsl"?><OAI-PMH xmlns="http://www.openarchives.org/OAI/2.0/" xmlns:xsi="http://www.w3.org/2001/XMLSchema-instance" xsi:schemaLocation="http://www.openarchives.org/OAI/2.0/ http://www.openarchives.org/OAI/2.0/OAI-PMH.xsd"><responseDate>2026-04-14T08:40:58Z</responseDate><request verb="GetRecord" identifier="oai:www.recercat.cat:2072/212451" metadataPrefix="marc">https://recercat.cat/oai/request</request><GetRecord><record><header><identifier>oai:recercat.cat:2072/212451</identifier><datestamp>2026-01-15T11:49:39Z</datestamp><setSpec>com_2072_1758</setSpec><setSpec>com_2072_5211</setSpec><setSpec>col_2072_1761</setSpec></header><metadata><record xmlns="http://www.loc.gov/MARC21/slim" xmlns:dcterms="http://purl.org/dc/terms/" xmlns:xsi="http://www.w3.org/2001/XMLSchema-instance" xmlns:doc="http://www.lyncode.com/xoai" xsi:schemaLocation="http://www.loc.gov/MARC21/slim http://www.loc.gov/standards/marcxml/schema/MARC21slim.xsd">
   <leader>00925njm 22002777a 4500</leader>
   <datafield ind2=" " ind1=" " tag="042">
      <subfield code="a">dc</subfield>
   </datafield>
   <datafield ind2=" " ind1=" " tag="720">
      <subfield code="a">Ortiz Sánchez, Juan Manuel</subfield>
      <subfield code="e">author</subfield>
   </datafield>
   <datafield ind2=" " ind1=" " tag="720">
      <subfield code="a">Nichols, SE</subfield>
      <subfield code="e">author</subfield>
   </datafield>
   <datafield ind2=" " ind1=" " tag="720">
      <subfield code="a">Sayyah, J</subfield>
      <subfield code="e">author</subfield>
   </datafield>
   <datafield ind2=" " ind1=" " tag="720">
      <subfield code="a">Brown, JH</subfield>
      <subfield code="e">author</subfield>
   </datafield>
   <datafield ind2=" " ind1=" " tag="720">
      <subfield code="a">McCammon, JA</subfield>
      <subfield code="e">author</subfield>
   </datafield>
   <datafield ind2=" " ind1=" " tag="720">
      <subfield code="a">et al.</subfield>
      <subfield code="e">author</subfield>
   </datafield>
   <datafield ind2=" " ind1=" " tag="260">
      <subfield code="c">2012-07-16</subfield>
   </datafield>
   <datafield ind2=" " ind1=" " tag="520">
      <subfield code="a">Rho GTPases are conformational switches that control a wide variety of signaling pathways critical for eukaryotic cell&#xd;
development and proliferation. They represent attractive targets for drug design as their aberrant function and deregulated&#xd;
activity is associated with many human diseases including cancer. Extensive high-resolution structures (.100) and recent&#xd;
mutagenesis studies have laid the foundation for the design of new structure-based chemotherapeutic strategies. Although&#xd;
the inhibition of Rho signaling with drug-like compounds is an active area of current research, very little attention has been&#xd;
devoted to directly inhibiting Rho by targeting potential allosteric non-nucleotide binding sites. By avoiding the nucleotide&#xd;
binding site, compounds may minimize the potential for undesirable off-target interactions with other ubiquitous GTP and&#xd;
ATP binding proteins. Here we describe the application of molecular dynamics simulations, principal component analysis,&#xd;
sequence conservation analysis, and ensemble small-molecule fragment mapping to provide an extensive mapping of&#xd;
potential small-molecule binding pockets on Rho family members. Characterized sites include novel pockets in the vicinity&#xd;
of the conformationaly responsive switch regions as well as distal sites that appear to be related to the conformations of the&#xd;
nucleotide binding region. Furthermore the use of accelerated molecular dynamics simulation, an advanced sampling&#xd;
method that extends the accessible time-scale of conventional simulations, is found to enhance the characterization of&#xd;
novel binding sites when conformational changes are important for the protein mechanism.</subfield>
   </datafield>
   <datafield ind1="8" ind2=" " tag="024">
      <subfield code="a">Ortiz-Sanchez JM, Nichols SE, Sayyah J, Brown JH, McCammon JA, et al. (2012) Identification of Potential Small Molecule Binding Pockets on Rho Family. PLoS ONE 7(7): e40809. doi:10.1371/journal.pone.0040809</subfield>
   </datafield>
   <datafield ind1="8" ind2=" " tag="024">
      <subfield code="a">http://hdl.handle.net/2072/212451</subfield>
   </datafield>
   <datafield ind2="0" ind1="0" tag="245">
      <subfield code="a">Identification of potential small molecule binding pockets on Rho family GTPases</subfield>
   </datafield>
</record></metadata></record></GetRecord></OAI-PMH>